000 00403nam a2200181Ia 4500
001 9878
005 20260306161750.0
008 260306t2016||||xx |||||||||||||| ||spa||
041 _aESP
082 _a808.02
_bV935
100 _aVelezmoro Contreras, Úrsula
_eAUT
245 0 _aCuaderno de estilo
260 _c2016
300 _a
_c
650 _aGEN
654 _aCHU
942 _cLIB
_dJUS
_fJUS
_2ddc
_n
999 _c9878
_d9878